| 000 | 00376nam a22001457a 4500 | ||
|---|---|---|---|
| 020 | _a- | ||
| 082 | _a297 | ||
| 100 | _aIbn-e-Kaseer, Hafiz Abul Fida | ||
| 245 | _aTafseer Ibn-e-Kaseer (Vol-3) Urdu | ||
| 260 |
_aLahore (Pakistan) _bDarussalam _c- |
||
| 300 | _a880 p. | ||
| 500 | _aIncludes index. | ||
| 650 | _a1.Al Quran-- Tarjama-- Urdu. 2.Al Quran-- Tafseer | ||
| 942 | _cBK | ||
| 999 |
_c12139 _d12139 |
||